[Event "15th Sigeman & Co"]
[Site "Malmo SWE"]
[Date "2007.04.18"]
[Round "1"]
[White "Hillarp Persson, T."]
[Black "Carlsson, P."]
[Result "1-0"]
[WhiteElo "2552"]
[BlackElo "2506"]
[PlyCount "77"]
[EventDate "2007.04.18"]

1. d4 e6 2. c4 Nf6 3. Nc3 Bb4 4. e3 O-O 5. Bd3 d5 6. Nf3 c5 7. O-O dxc4 8. Bxc4
Nbd7 9. Qe2 b6 10. a3 Bxc3 11. bxc3 Bb7 12. a4 Qc7 13. a5 e5 14. Bb2 Rac8 15.
axb6 axb6 16. Nd2 Rfe8 17. f3 exd4 18. cxd4 Nd5 19. e4 cxd4 20. Bxd4 Qd6 21.
Rfd1 Nf4 22. Qe3 Ne6 23. Bxe6 Qxe6 24. Nf1 Nc5 25. Ng3 Qg6 26. Rac1 Rcd8 27.
Bxc5 bxc5 28. Qxc5 Rxd1+ 29. Rxd1 Qc6 30. Qd4 g6 31. Nf1 Bc8 32. Ng3 Qb5 33. f4
Bb7 34. h4 Qb3 35. Rd3 Qe6 36. h5 Bxe4 37. h6 f6 38. Re3 Qc6 39. Nxe4 1-0

[Event "15th Sigeman & Co"]
[Site "Malmo SWE"]
[Date "2007.04.18"]
[Round "1"]
[White "Kotronias, V."]
[Black "L'Ami, E."]
[Result "1-0"]
[WhiteElo "2570"]
[BlackElo "2617"]
[PlyCount "81"]
[EventDate "2007.04.18"]

1. e4 e5 2. Nf3 Nc6 3. Bb5 a6 4. Ba4 Nf6 5. O-O Be7 6. Re1 b5 7. Bb3 d6 8. c3
O-O 9. h3 Na5 10. Bc2 c5 11. d4 Nd7 12. Nbd2 exd4 13. cxd4 Nc6 14. d5 Nce5 15.
a4 Rb8 16. axb5 axb5 17. Nxe5 Nxe5 18. f4 Ng6 19. Nf3 Bh4 20. Nxh4 Qxh4 21. f5
Ne5 22. Rf1 Bd7 23. Bf4 Ra8 24. Rxa8 Rxa8 25. Bxe5 dxe5 26. d6 Bc6 27. f6 Rd8
28. Qd2 gxf6 29. Rf3 c4 30. Kh2 Kh8 31. Qa5 Rg8 32. Qa7 f5 33. Qc5 Qg5 34. Rf2
Qg3+ 35. Kg1 Bxe4 36. Bxe4 fxe4 37. d7 e3 38. Re2 Qg5 39. h4 Qd8 40. Qxe5+ f6
41. Qe6 1-0

[Event "15th Sigeman & Co"]
[Site "Malmo SWE"]
[Date "2007.04.19"]
[Round "2"]
[White "Hillarp Persson, T."]
[Black "Cheparinov, I."]
[Result "1/2-1/2"]
[WhiteElo "2552"]
[BlackElo "2646"]
[PlyCount "80"]
[EventDate "2007.04.18"]

1. d4 d5 2. c4 c6 3. Nf3 Nf6 4. e3 Bf5 5. Nc3 e6 6. Nh4 Bg6 7. Nxg6 hxg6 8. g3
Nbd7 9. Bg2 dxc4 10. Qe2 Nb6 11. O-O Bb4 12. a3 Ba5 13. Bd2 O-O 14. Ne4 Bxd2
15. Nxd2 Qe7 16. Nxc4 Nxc4 17. Qxc4 e5 18. dxe5 Qxe5 19. b4 Rfd8 20. Rad1 g5
21. h3 g6 22. g4 a5 23. a4 Rac8 24. bxa5 Qxa5 25. Rd4 Nd7 26. Rfd1 Nf8 27. Qb3
Ne6 28. Rxd8+ Rxd8 29. Rxd8+ Nxd8 30. Bf1 Kf8 31. Bc4 Qc5 32. Qa2 b6 33. Qb3
Ke7 34. Kf1 Qa5 35. Qa3+ Ke8 36. Qb3 Qc5 37. Ke2 Ke7 38. Kf1 Qa5 39. Qa3+ Ke8
40. Qb3 Ke7 1/2-1/2

[Event "15th Sigeman & Co"]
[Site "Malmo SWE"]
[Date "2007.04.19"]
[Round "2"]
[White "Carlsson, P."]
[Black "L'Ami, E."]
[Result "1/2-1/2"]
[WhiteElo "2506"]
[BlackElo "2617"]
[PlyCount "37"]
[EventDate "2007.04.18"]

1. e4 e5 2. Nf3 Nc6 3. Bb5 Nf6 4. O-O Nxe4 5. d4 Nd6 6. Bxc6 dxc6 7. dxe5 Nf5
8. Qxd8+ Kxd8 9. Nc3 Ne7 10. h3 Ng6 11. Bg5+ Ke8 12. Rad1 Bd7 13. a3 h6 14. Bc1
Be7 15. Rfe1 Rd8 16. Ne4 Bc8 17. Nd6+ cxd6 18. exd6 Be6 19. dxe7 1/2-1/2

[Event "15th Sigeman & Co"]
[Site "Malmo SWE"]
[Date "2007.04.20"]
[Round "3"]
[White "Cheparinov, I."]
[Black "Carlsson, P."]
[Result "1/2-1/2"]
[WhiteElo "2646"]
[BlackElo "2506"]
[PlyCount "125"]
[EventDate "2007.04.18"]

1. d4 e6 2. c4 Nf6 3. Nf3 b6 4. g3 Ba6 5. b3 Bb4+ 6. Bd2 Be7 7. Bg2 c6 8. Bc3
d5 9. Ne5 Nfd7 10. Nxd7 Nxd7 11. Nd2 O-O 12. O-O Rb8 13. Re1 b5 14. c5 e5 15.
dxe5 Nxc5 16. f4 Bb7 17. Bd4 a5 18. Rc1 Na6 19. e4 c5 20. Bf2 d4 21. a4 bxa4
22. bxa4 Nb4 23. Nc4 Na2 24. Rc2 Nc3 25. Qd2 Ba6 26. Nd6 Nb1 27. Qc1 Bxd6 28.
exd6 Qxd6 29. e5 Qd7 30. Rxc5 d3 31. Bc6 Qd8 32. Qe3 d2 33. Rd1 Qd3 34. Bf3
Rfd8 35. Rc7 Bc4 36. Qxd3 Bxd3 37. Be3 Rb2 38. Bd5 Bc2 39. Bxf7+ Kh8 40. e6
Bxd1 41. e7 Rbb8 42. exd8=Q+ Rxd8 43. Bd4 Bg4 44. Bxg7+ Kxg7 45. Be6+ Kg6 46.
Bxg4 d1=Q+ 47. Bxd1 Rxd1+ 48. Kg2 Rd2+ 49. Kh3 Rd4 50. Rc6+ Kg7 51. Rc7+ Kg8
52. Rc8+ Kf7 53. Rc7+ Kg6 54. Rc6+ Kg7 55. Rc7+ Kg8 56. Rc8+ Kf7 57. Rc7+ Kf8
58. Rxh7 Rxa4 59. Ra7 Nd2 60. Kg4 Nf1 61. h4 Ra3 62. h5 Rxg3+ 63. Kh4 1/2-1/2

[Event "15th Sigeman & Co"]
[Site "Malmo SWE"]
[Date "2007.04.20"]
[Round "3"]
[White "Hermansson, E."]
[Black "Hillarp Persson, T."]
[Result "1/2-1/2"]
[WhiteElo "2475"]
[BlackElo "2552"]
[PlyCount "31"]
[EventDate "2007.04.18"]

1. e4 c5 2. Nf3 d6 3. d4 cxd4 4. Nxd4 Nf6 5. Nc3 a6 6. Be3 e6 7. f3 b5 8. Qd2
Nbd7 9. g4 h6 10. O-O-O Ne5 11. a3 Bb7 12. h4 d5 13. Rg1 dxe4 14. g5 hxg5 15.
hxg5 Nd5 16. g6 1/2-1/2

[Event "15th Sigeman & Co"]
[Site "Malmo SWE"]
[Date "2007.04.21"]
[Round "4"]
[White "Hillarp Persson, T."]
[Black "Hector, J."]
[Result "1-0"]
[WhiteElo "2552"]
[BlackElo "2537"]
[PlyCount "93"]
[EventDate "2007.04.18"]

1. d4 d5 2. c4 c6 3. Nf3 Nf6 4. Nc3 dxc4 5. a4 Bf5 6. Ne5 Na6 7. f3 Nd7 8. Nxd7
Bxd7 9. e4 e5 10. Bxc4 exd4 11. Qxd4 Nb4 12. Ke2 Qe7 13. Rb1 Be6 14. Bxe6 Qxe6
15. Rd1 Be7 16. b3 a5 17. Bf4 O-O 18. Qc4 Qf6 19. g3 Rac8 20. Rbc1 Qg6 21. Kf2
Rfd8 22. Be3 Bg5 23. f4 Be7 24. Bb6 Rxd1 25. Nxd1 Re8 26. Kf3 Bd8 27. Be3 Bc7
28. Nf2 Rd8 29. Bd4 Qh5+ 30. Kg2 Na6 31. Bc3 h6 32. Rc2 Qg6 33. Rd2 Rxd2 34.
Bxd2 Bb6 35. Nd3 Qd6 36. Bc3 Kh7 37. Qxf7 Bd4 38. Qf5+ Kg8 39. Qc8+ Kh7 40.
Qf5+ Kg8 41. Bxa5 Ba7 42. Ne5 Qd1 43. Qf7+ Kh7 44. Nd7 Bd4 45. Nf8+ Kh8 46.
Ng6+ Kh7 47. Ne7 1-0

[Event "15th Sigeman & Co"]
[Site "Malmo SWE"]
[Date "2007.04.21"]
[Round "4"]
[White "Cheparinov, I."]
[Black "Hermansson, E."]
[Result "1-0"]
[WhiteElo "2646"]
[BlackElo "2475"]
[PlyCount "49"]
[EventDate "2007.04.18"]

1. e4 e5 2. Nf3 Nc6 3. Bb5 Nf6 4. O-O Nxe4 5. d4 Nd6 6. Bxc6 dxc6 7. dxe5 Nf5
8. Qxd8+ Kxd8 9. Nc3 Ne7 10. h3 h6 11. Be3 Ng6 12. Rad1+ Ke8 13. a3 Be7 14.
Rfe1 Nh4 15. Nxh4 Bxh4 16. Ne2 h5 17. Nd4 a6 18. e6 Bf6 19. Bf4 c5 20. Nb3 c4
21. Nc5 fxe6 22. Bxc7 Kf7 23. b3 cxb3 24. cxb3 Bb2 25. Na4 1-0